000 00723nam a2200229 a 4500
999 _c10107
_d10107
003 PK-NaQUE
005 20251024121134.0
008 251024b ||||| |||| 00| 0 eng d
020 _a0026428466 (hardcover)
020 _a9780026428460 (hardcover)
040 _cQUEST
100 1 _aSherwood, Ruth F.
245 1 0 _aHomes: today and tomorrow /
250 _a5th ed.
260 _a[S.l.] :
_bGlencoe/Mcgraw-Hill,
_c1997.
300 _a578 p. ;
650 _aDesign--United States--Juvenile literature
650 _aInterior decoration--United States--Juvenile literature
650 _aHouse buying--Juvenile literature
856 4 0 _uhttp://10.10.170.122:8080/browse/book/28770
_yDownload eBook
942 _cBK
_2ddc